| 000 -ლიდერი |
| ფიქსირებული სიგრძის საკონტროლო ველი |
01644nam a22002177a 4500 |
| 003 - საკონტროლო ნომრის იდენტიფიკატორი |
| საკონტროლო ველი |
Ge_BSU |
| 005 - ბოლო ოპერაციის თარიღი და დრო |
| საკონტროლო ველი |
20230615110500.0 |
| 008 - ფიქსირებული სიგრძის მონაცემთა ელემენტები - ზოგადი ინფორმაცია |
| ფიქსირებული სიგრძის საკონტროლო ველი |
230614s1979 ge ||||| |||| 00| 0 geo d |
| 041 ## - ენის კოდი |
| Language code of text/sound track or separate title |
geo |
| 080 ## - უნივერსალური ათობითი კლასიფიკაციის ინდექსი |
| Universal Decimal Classification number |
902.2(479.222.11) ვ-18 |
| 245 ## - ცნობა სათაურის შესახებ |
| Title |
ვანი : არქეოლოგიური გათხრები : |
| Remainder of title |
[სტატიების კრებული]. [ტ.] 4 / |
| Statement of responsibility, etc |
რედ. ოთ. ლორთქიფანიძე ; საქ. სსრ მეცნ. აკად., ივ. ჯავახიშვილის სახ. ისტორიის, არქეოლოგიისა და ეტნოგრაფიის ინსტიტუტის არქეოლოგიური კვლევის ცენტრი. |
| 264 ## - წარმოების, გამოცემის, დისტრიბუციის და სხვა ცნობები |
| გამოცემის, წარმოების, დისტრიბუციის... ადგილი |
თბილისი : |
| გამოცემის, წარმოების, დისტრიბუციის... სახელწოდება |
მეცნიერება, |
| გამოცემის, წარმოების, დისტრიბუციის... თარიღი |
1979. |
| 300 ## - ფიზიკური აღწერა |
| Extent |
170 გვ. : |
| Other physical details |
78 ფ. ილ. |
| Dimensions |
29 სმ. |
| 500 ## - ზოგადი შენიშვნა |
| General note |
ზოგიერთი სტატია რუს. |
| 501 ## - შენიშვნა თანმხლებ მასალაზე |
| With note |
პარალ. სათ. რუს. და ფრ. ენაზე |
| 520 ## - SUMMARY, ETC. |
| Summary, etc |
რეზ. რუს., ინგლ. |
| 653 ## - INDEX TERM--UNCONTROLLED |
| Uncontrolled term |
არქეოლოგიური გათხრები - ვანი |
| 700 ## - ADDED ENTRY--PERSONAL NAME |
| Personal name |
ლორთქიფანიძე, ოთ. |
| Relator term |
რედაქტორი |
| 9 (RLIN) |
18351 |
| 710 ## - ADDED ENTRY--CORPORATE NAME |
| Corporate name or jurisdiction name as entry element |
საქართველოს სსრ მეცნიერებათა აკადემია. |
| Subordinate unit |
ივ. ჯავახიშვილის სახ.ისტორიის, არქეოლოგიისა და ეთნოგრაფიის ინსტიტუტი |
| 9 (RLIN) |
18719 |
| 942 ## - ADDED ENTRY ELEMENTS (KOHA) |
| Source of classification or shelving scheme |
|
| Koha item type |
წიგნი |